| 000 | 00757nam a2200193 a 4500 | ||
|---|---|---|---|
| 001 | BRCA_901 | ||
| 005 | 20190320203211.0 | ||
| 008 | 031105s1995----sp-a---###---#000-0#ita-d | ||
| 050 | 4 |
_aTP849 _b.T73 1995 |
|
| 245 | 1 | 0 |
_aTransparències _bel teatre dels signes. |
| 260 |
_aBarcelona _bFundació Centre del Vidre _c1995 |
||
| 300 |
_a1 v. (sin paginación) _bil. (algunas a color) _c21 cm. |
||
| 500 | _aCatálogo de la primera mostra interdiciplinària de la Fundació Centre del Vidre de Barcelona, 7 septiembre - 1 octubre, 1995 | ||
| 546 | _aTexto en : portugués | ||
| 650 | 1 | 4 |
_aVitrales _vCatálogos _zEspaña _92995 |
| 650 | 1 | 4 |
_aArtesanías en vidrio _vCatálogos _zEspaña _92996 |
| 710 | 2 |
_aFundació Centre del Vidre de Barcelona _92997 |
|
| 942 |
_2lcc _cB |
||
| 999 |
_c795 _d795 |
||